| 000 | 00423nam a2200145Ia 4500 | ||
|---|---|---|---|
| 008 | 210210b1978 xxu||||| |||| 00| 0 eng d | ||
| 020 | _a0 7069 0611 X | ||
| 082 | _a303.34 PARR | ||
| 100 | _aPARMATMA SARAN. | ||
| 245 | _aRural leadership in the context of India's modernization. | ||
| 260 |
_aNew Delhi. _bVikas Publishing House Pvt Ltd., _c1978 |
||
| 300 | _axxiii,151 | ||
| 690 | _aSocial Processes | ||
| 906 | _aSG02131 | ||
| 999 |
_c113694 _d113694 |
||